00459cam a22001572 4500001001100000005001700011008004100028020002800069040001500097050002200112100003000134245004300164260003200207300001400239650004800253000000026420151021151043.0070118s xx 000 0 eng d a8173192995 :cKES 2,450 aKABUcKABU 0aQA76.73b.C153D351 aDale, Nell B.@000011710610aC++ Plus data structures /cNell Dale. aNew Delhi :bNarosa,c1999. ax, 773 p. 0aC++ (Computer program language)@0000154344